000 00235nam a2200109Ia 4500
008 190216s9999||||xx |||||||||||||| ||und||
100 _aSurendran K
245 0 _aSujatha
260 _bCurrent Books
650 _aMalayalam
942 _cBK
999 _c23674
_d23674